[Event "Titled Tue 3rd Jun Early"]
[Site "chess.com INT"]
[Date "2025.06.03"]
[Round "10"]
[White "Wyss, Jonas"]
[Black "Wu, Derek"]
[Result "1/2-1/2"]
[WhiteTitle "FM"]
[BlackTitle "FM"]
[WhiteElo "2278"]
[BlackElo "2232"]
[WhiteFideId "1311387"]
[BlackFideId "30914558"]
[EventDate "2025.06.03"]

1. e4 e5 2. Nf3 Nc6 3. Nc3 Nf6 4. d4 exd4 5. Nxd4 Bb4 6. Nxc6 bxc6 7. Bd3 d5 8.
exd5 O-O 9. O-O Bg4 10. Ne2 cxd5 11. h3 Bh5 12. c4 Re8 13. Qc2 a5 14. Nf4 Bg6
15. Nxg6 hxg6 16. Bf4 Bd6 17. Bg5 Qd7 18. Bxf6 gxf6 19. cxd5 Re5 20. Rad1 Rae8
21. Qb3 a4 22. Qb5 Qxb5 23. Bxb5 Rb8 24. Bxa4 Rxb2 25. Bb3 Bc5 26. g3 Ree2 27.
Bc4 Rec2 28. Bb3 Rxf2 29. Rxf2 Rxf2 30. Kh1 f5 31. Rc1 Bb6 32. Rc6 Rd2 33. d6
Rxd6 34. Rxd6 cxd6 35. Kg2 Kf8 36. Kf3 Ke7 37. g4 fxg4+ 38. hxg4 f5 39. gxf5
gxf5 40. Kf4 Kf6 41. Bc2 Ba5 42. Bxf5 Bd2+ 43. Ke4 d5+ 44. Kxd5 Kxf5 45. a4 Kf6
46. a5 Bxa5 1/2-1/2

[Event "Titled Tue 3rd Jun Early"]
[Site "chess.com INT"]
[Date "2025.06.03"]
[Round "10"]
[White "Gurel, Ediz"]
[Black "Sheehan, Ethan"]
[Result "1-0"]
[WhiteTitle "GM"]
[WhiteElo "2636"]
[BlackElo "2380"]
[WhiteFideId "44507356"]
[BlackFideId "30943965"]
[EventDate "2025.06.03"]

1. Nf3 Nf6 2. b3 d5 3. Bb2 Bf5 4. e3 Nbd7 5. Be2 e6 6. O-O Bd6 7. d3 O-O 8. Nbd2
h6 9. c4 c6 10. Qc2 Bg6 11. Bc3 Qe7 12. cxd5 cxd5 13. Rac1 Rac8 14. Qb1 e5 15.
Qa1 Rfe8 16. Rfd1 e4 17. dxe4 dxe4 18. Nd4 a6 19. Nc4 Bb8 20. a3 b5 21. Bb4 Nc5
22. Na5 Qe5 23. g3 Nd3 24. Rxc8 Rxc8 25. Nac6 Qe8 26. Ne7+ Kh8 27. Nxg6+ fxg6
28. Bxd3 exd3 29. Rxd3 Be5 30. Qd1 g5 31. Nf3 Bb2 32. Qe2 Qe4 33. Rd1 Rc2 34.
Nd2 Qd5 35. e4 Qd7 36. e5 Nd5 37. e6 Qe8 38. Qe4 Nxb4 39. axb4 Rc6 40. Re1 Bc3
41. e7 Rc7 42. Qd3 Bxb4 43. Qd8 Rc8 44. Qxc8 1-0

[Event "Titled Tue 3rd Jun Early"]
[Site "chess.com INT"]
[Date "2025.06.03"]
[Round "10"]
[White "Huseynova, Dinara"]
[Black "Mayaud, Raphael"]
[Result "1/2-1/2"]
[WhiteTitle "WCM"]
[BlackTitle "CM"]
[WhiteElo "1822"]
[BlackElo "2126"]
[WhiteFideId "13437313"]
[BlackFideId "627151"]
[EventDate "2025.06.03"]

1. d4 d5 2. Nf3 c6 3. e3 Nf6 4. Bd3 Bg4 5. c4 e6 6. Qb3 Qb6 7. c5 Qc7 8. Ne5 Bf5
9. O-O Be7 10. Nd2 O-O 11. Bxf5 exf5 12. Qc2 g6 13. b4 Nbd7 14. Ndf3 Ne4 15. a4
Bf6 16. Nxd7 Qxd7 17. Qd3 a6 18. Bd2 Rfe8 19. Rfb1 Ra7 20. b5 axb5 21. axb5 Rea8
22. Rxa7 Rxa7 23. b6 Ra8 24. Bc3 Kg7 25. Nd2 h5 26. Nxe4 fxe4 27. Qd1 Ra6 28.
Ra1 Rxa1 29. Qxa1 Qg4 30. Kf1 h4 31. h3 Qf5 32. Qa8 Qd7 33. Qb8 Qe7 34. Qc7 Kg8
35. Qb8+ Kg7 36. Qc7 Kg8 37. Qb8+ Kg7 1/2-1/2

[Event "Titled Tue 3rd Jun Early"]
[Site "chess.com INT"]
[Date "2025.06.03"]
[Round "10"]
[White "Rentsen, Erdenetulga"]
[Black "Asish Panda"]
[Result "0-1"]
[WhiteElo "2182"]
[BlackElo "1911"]
[WhiteFideId "4901320"]
[BlackFideId "45012458"]
[EventDate "2025.06.03"]

1. e4 e6 2. d4 d5 3. Nd2 c5 4. Ngf3 cxd4 5. Nxd4 Nc6 6. Bb5 Bd7 7. Nxc6 bxc6 8.
Bd3 Bd6 9. O-O Ne7 10. c4 O-O 11. Nf3 Ng6 12. Re1 Re8 13. e5 Be7 14. g3 c5 15.
h4 Bc6 16. h5 dxc4 17. Be2 Qxd1 18. Bxd1 Nf8 19. Be3 Red8 20. Be2 Rab8 21. Nd2
Rxb2 22. Nxc4 Rbb8 23. Rac1 Bd5 24. Na5 Nd7 25. f4 Rb2 26. a3 f6 27. exf6 Bxf6
28. Bf2 Ra2 29. Nc4 Rb8 30. Bf1 Nf8 31. Re2 Bxc4 32. Rxc4 Ra1 33. Re1 Rxe1 34.
Bxe1 Bd4+ 35. Kg2 Rb2+ 36. Kh3 Rb1 37. Bc3 Rxf1 38. Bxd4 cxd4 39. Rxd4 Rf3 40.
Ra4 Nd7 41. Rxa7 Nf6 42. h6 gxh6 0-1

[Event "Titled Tue 3rd Jun Early"]
[Site "chess.com INT"]
[Date "2025.06.03"]
[Round "10"]
[White "Goryachkina, Aleksandra"]
[Black "Moeller, Maurin"]
[Result "1/2-1/2"]
[WhiteTitle "GM"]
[BlackTitle "FM"]
[WhiteElo "2544"]
[BlackElo "2291"]
[WhiteFideId "4147103"]
[BlackFideId "16265696"]
[EventDate "2025.06.03"]

1. e4 g6 2. d4 Bg7 3. Nc3 d6 4. Nf3 a6 5. a4 Nf6 6. h3 O-O 7. g4 e5 8. dxe5 dxe5
9. Qxd8 Rxd8 10. Bg5 Re8 11. O-O-O Nbd7 12. Bc4 Nc5 13. Rhe1 Bd7 14. Bxf6 Bxf6
15. b4 Be6 16. Bxe6 Nxe6 17. Nd5 Bg7 18. a5 c5 19. c3 Rac8 20. Kb2 cxb4 21. cxb4
Rc4 22. Rc1 Rxc1 23. Rxc1 Rd8 24. g5 h6 25. h4 hxg5 26. hxg5 Bf8 27. Kb3 Bd6 28.
Rh1 Kg7 29. Rd1 Kf8 30. Nf6 Ke7 31. Nd5+ Kf8 32. Nf6 Ke7 33. Nd5+ Kf8 1/2-1/2

[Event "Titled Tue 3rd Jun Early"]
[Site "chess.com INT"]
[Date "2025.06.03"]
[Round "10"]
[White "Sava, Robert-Gabriel"]
[Black "King, Alexander"]
[Result "0-1"]
[WhiteTitle "CM"]
[BlackTitle "FM"]
[WhiteElo "2155"]
[BlackElo "2263"]
[WhiteFideId "1265725"]
[BlackFideId "2063620"]
[EventDate "2025.06.03"]

1. d4 d5 2. c4 e6 3. Nf3 c6 4. g3 dxc4 5. Bg2 b5 6. O-O Bb7 7. Ne5 Nf6 8. Nc3 a6
9. Bg5 Be7 10. a4 h6 11. Bxf6 gxf6 12. axb5 fxe5 13. bxa6 Rxa6 14. Rxa6 Nxa6 15.
e3 exd4 16. exd4 Nb4 17. Qa4 Qxd4 18. Rd1 Qb6 19. Rd2 O-O 20. Bf1 Rd8 21. Rxd8+
Qxd8 22. Bxc4 c5 23. Qa7 Bf3 24. Qa1 Qd2 25. Qa7 Nd3 26. Bxd3 Qxd3 27. Qxe7 Qd2
28. Qd8+ Qxd8 0-1

[Event "Titled Tue 3rd Jun Early"]
[Site "chess.com INT"]
[Date "2025.06.03"]
[Round "10"]
[White "So, Wesley"]
[Black "Tang, Andrew"]
[Result "1-0"]
[WhiteTitle "GM"]
[BlackTitle "GM"]
[WhiteElo "2751"]
[BlackElo "2529"]
[WhiteFideId "5202213"]
[BlackFideId "2059630"]
[EventDate "2025.06.03"]

1. e4 e5 2. Nf3 Nc6 3. Bb5 g6 4. c3 a6 5. Ba4 Bg7 6. d4 exd4 7. cxd4 b5 8. Bb3
Na5 9. Bc2 Ne7 10. O-O O-O 11. h3 d6 12. d5 c6 13. dxc6 Naxc6 14. Nc3 Bb7 15.
Bg5 h6 16. Bh4 Qd7 17. Qd2 b4 18. Na4 Rad8 19. Nb6 Qe6 20. Bb3 Qxe4 21. Rae1 Qf5
22. Bxe7 Nxe7 23. Rxe7 Bxf3 24. gxf3 Qxf3 25. Re3 Qh5 26. Nd5 a5 27. Kh1 Kh7 28.
Rg1 Rfe8 29. Nf4 Qf5 30. Rxe8 Rxe8 31. Bc2 Qc5 32. Nxg6 Qc6+ 33. Kh2 fxg6 34.
Bxg6+ Kh8 35. Bxe8 Qxe8 36. b3 Qe5+ 37. Rg3 d5 38. Qe3 Qf6 39. Qe8+ Kh7 40. Qe2
d4 41. Qe4+ Kh8 42. Qa8+ Kh7 43. Qe4+ Kh8 44. Rf3 Qd6+ 45. Kg2 Kg8 46. Qe8+ Kh7
47. Qe4+ Kh8 48. Rf5 1-0

[Event "Titled Tue 3rd Jun Early"]
[Site "chess.com INT"]
[Date "2025.06.03"]
[Round "10"]
[White "Vaganian, Rafael A"]
[Black "Kawka, Milena"]
[Result "1-0"]
[WhiteTitle "GM"]
[BlackTitle "WCM"]
[WhiteElo "2449"]
[BlackElo "2004"]
[WhiteFideId "13300016"]
[BlackFideId "21095167"]
[EventDate "2025.06.03"]

1. d4 Nf6 2. Nf3 e6 3. e3 c5 4. Bd3 Nc6 5. O-O b6 6. c4 Bb7 7. Nc3 cxd4 8. exd4
d5 9. cxd5 Nxd5 10. Re1 Be7 11. Nxd5 Qxd5 12. Be4 Qh5 13. d5 O-O-O 14. dxc6 Rxd1
15. cxb7+ Kb8 16. Rxd1 Qg4 17. Re1 Rd8 18. h3 Qh5 19. Bf4+ Bd6 20. Rad1 Qc5 21.
Rxd6 Rxd6 22. Rd1 e5 23. Bxe5 Qxe5 24. Nxe5 Rxd1+ 25. Kh2 f6 26. Nd3 a5 27. g4
Rd2 28. Kg3 g6 29. h4 f5 30. gxf5 gxf5 31. Bxf5 Kxb7 32. Bxh7 Kc6 33. h5 Kd6 34.
h6 Ke7 35. Be4 Kf6 36. h7 Kg7 37. a4 Rc2 38. Ne5 Rc7 39. f4 Re7 40. Kf3 Rc7 41.
Ke3 Re7 42. Kd4 Rc7 43. b3 Rc1 44. Nf7 Rd1+ 45. Ke5 Re1 46. h8=Q+ Kxf7 47. Qh7+
Ke8 48. f5 Re2 49. f6 1-0

[Event "Titled Tue 3rd Jun Early"]
[Site "chess.com INT"]
[Date "2025.06.03"]
[Round "10"]
[White "Lamard, Guillaume"]
[Black "Wagner, Dennis"]
[Result "1-0"]
[WhiteTitle "GM"]
[BlackTitle "GM"]
[WhiteElo "2500"]
[BlackElo "2616"]
[WhiteFideId "600261"]
[BlackFideId "24650684"]
[EventDate "2025.06.03"]

1. e4 e6 2. d4 d5 3. e5 c5 4. c3 Nc6 5. Nf3 Bd7 6. Be2 Nge7 7. Na3 Ng6 8. Nc2
Be7 9. g3 O-O 10. h4 cxd4 11. cxd4 f6 12. h5 Nh8 13. O-O Nf7 14. Bf4 Qb6 15. Bd3
Rac8 16. Rb1 a5 17. a3 a4 18. Ne3 Na5 19. Ng4 f5 20. Ne3 Bb5 21. g4 Bxd3 22.
Qxd3 fxg4 23. Nxg4 Qb3 24. Qe2 Rc2 25. Nd2 Qh3 26. Rfc1 Rxc1+ 27. Rxc1 Ng5 28.
Rc3 Qh4 29. Bg3 Nh3+ 30. Kf1 Qxh5 31. Nf6+ 1-0

[Event "Titled Tue 3rd Jun Early"]
[Site "chess.com INT"]
[Date "2025.06.03"]
[Round "10"]
[White "Ristic, Nebojsa M"]
[Black "Brozynski, Patryk"]
[Result "1-0"]
[WhiteTitle "IM"]
[BlackTitle "CM"]
[WhiteElo "2248"]
[BlackElo "2219"]
[WhiteFideId "900850"]
[BlackFideId "2512700"]
[EventDate "2025.06.03"]

1. d4 d5 2. Bf4 Nf6 3. e3 c5 4. Nf3 Nc6 5. Nbd2 Bg4 6. c3 e6 7. Qa4 Bxf3 8. Nxf3
Qb6 9. Bb5 Be7 10. Ne5 Rc8 11. O-O O-O 12. Bg5 h6 13. Bxf6 Bxf6 14. Nd7 Qc7 15.
Nxf8 Kxf8 16. Bxc6 bxc6 17. dxc5 g6 18. Rac1 Kg7 19. b4 h5 20. c4 d4 21. exd4
Bxd4 22. Rcd1 Qf4 23. Rd3 h4 24. Qxa7 Be5 25. g3 Qe4 26. Re3 Qf5 27. Qd7 Ra8 28.
Qd3 Qxd3 29. Rxd3 hxg3 30. hxg3 Rxa2 31. Rb1 Rc2 32. b5 cxb5 33. cxb5 Rxc5 34.
b6 Rc8 35. b7 Rb8 36. Rd7 Kf6 37. Rb3 g5 38. Rf3+ Kg6 39. Rfxf7 g4 40. Rfe7 Kf6
41. Kg2 Rh8 42. Rh7 Rb8 43. Rhg7 Kf5 44. Rdf7+ Ke4 45. Rxg4+ Kd5 46. Rg5 Kd6 47.
Rxe5 Kxe5 48. g4 Rg8 49. f4+ Kd6 50. g5 e5 51. Kf3 exf4 52. Kxf4 Ke6 53. Rh7
Rf8+ 54. Kg4 Rg8 55. Rc7 Kd6 56. Rc8 Rg7 57. b8=Q+ Kd5 58. Qb5+ Kd6 59. Rc6+ Ke7
60. Qb7+ Kf8 61. Rc8# 1-0

[Event "Titled Tue 3rd Jun Early"]
[Site "chess.com INT"]
[Date "2025.06.03"]
[Round "10"]
[White "Gattani, Sarthak"]
[Black "Buscar, Michael"]
[Result "0-1"]
[WhiteElo "1869"]
[BlackElo "2016"]
[WhiteFideId "30995965"]
[BlackFideId "2603616"]
[EventDate "2025.06.03"]

1. d4 d5 2. Bf4 Bf5 3. e3 e6 4. Nf3 Nf6 5. Bd3 Bd6 6. Bg3 Bg6 7. O-O O-O 8. c4
Bxg3 9. hxg3 c6 10. Nc3 Qb6 11. Qe2 Nbd7 12. e4 dxe4 13. Nxe4 Nxe4 14. Bxe4 Nf6
15. Bxg6 hxg6 16. b3 Rfd8 17. Rad1 a5 18. Qb2 a4 19. b4 a3 20. Qb1 Ra4 21. b5
Rxc4 22. bxc6 Rxc6 23. Qxb6 Rxb6 24. Rd3 Ra8 25. Rd2 Rb2 26. Re1 Nd5 27. Ra1 Ra4
28. Rd3 b5 29. Kf1 b4 30. Rd2 Ra6 31. Ke2 Rc6 32. Kd1 Nc3+ 33. Ke1 Ne4 34. Re2
Nc3 35. Rd2 Nb1 36. Rxb2 axb2 37. Rxb1 Rc1+ 38. Kd2 Rxb1 39. Kc2 Rf1 40. Kxb2
Rxf2+ 41. Kb3 Rxg2 42. Kxb4 Rxa2 43. Kc4 Rg2 44. Ne5 Rxg3 45. d5 exd5+ 46. Kxd5
Rg5 47. Ke4 Rxe5+ 48. Kxe5 Kh7 0-1

[Event "Titled Tue 3rd Jun Early"]
[Site "chess.com INT"]
[Date "2025.06.03"]
[Round "10"]
[White "Harshavardhan, G B"]
[Black "Lopez Rayo, Isabella"]
[Result "1-0"]
[WhiteTitle "IM"]
[BlackTitle "WFM"]
[WhiteElo "2441"]
[BlackElo "2021"]
[WhiteFideId "25059009"]
[BlackFideId "4452755"]
[EventDate "2025.06.03"]

1. e4 e5 2. Nc3 Nc6 3. Bc4 Nf6 4. d3 Bc5 5. f4 d6 6. f5 Nd4 7. Nf3 c6 8. Bb3 h6
9. Nxd4 Bxd4 10. Ne2 Bb6 11. Ng3 h5 12. Bg5 h4 13. Nf1 d5 14. Qe2 dxe4 15. dxe4
Qd6 16. c3 Bd7 17. Nd2 O-O-O 18. O-O-O Qe7 19. Nc4 Bc7 20. Kb1 Kb8 21. a4 Bc8
22. Rxd8 Rxd8 23. Bxh4 Qc5 24. Bf2 Qe7 25. a5 g6 26. Qe3 c5 27. fxg6 Ng4 28.
Qxc5 Qxc5 29. Bxc5 fxg6 30. h3 Nf6 31. Re1 Nxe4 32. Rxe4 Bf5 33. Bc2 Bxe4 34.
Bxe4 Rd1+ 35. Kc2 Re1 36. Nd2 g5 37. b4 b6 38. axb6 axb6 39. Be7 1-0

[Event "Titled Tue 3rd Jun Early"]
[Site "chess.com INT"]
[Date "2025.06.03"]
[Round "10"]
[White "Avila, Lucas"]
[Black "Golubovic, Erik"]
[Result "0-1"]
[BlackTitle "CM"]
[WhiteElo "2182"]
[BlackElo "2184"]
[WhiteFideId "107751"]
[BlackFideId "14586908"]
[EventDate "2025.06.03"]

1. e4 c5 2. Nf3 d6 3. d4 cxd4 4. Nxd4 Nf6 5. Nc3 a6 6. Bd3 e5 7. Nde2 Be7 8. O-O
Be6 9. f4 Qc7 10. f5 Bc4 11. Be3 Nbd7 12. b3 Bxd3 13. cxd3 b5 14. Rc1 Qb7 15. h3
d5 16. Bg5 d4 17. Nb1 h6 18. Bh4 O-O 19. Qe1 Rac8 20. Qf2 Rxc1 21. Rxc1 Rc8 22.
Nd2 Ba3 23. Rxc8+ Qxc8 24. Nf1 Qc2 25. Qf3 Qxa2 26. g4 Qxb3 27. Bg3 Bf8 28. h4
a5 29. g5 hxg5 30. hxg5 a4 31. gxf6 gxf6 32. Qg4+ Bg7 33. Be1 a3 34. Bd2 Kf8 35.
Qg3 a2 36. Qe1 Qb1 37. Bb4+ Kg8 38. Qh4 a1=Q 39. Ng3 Qxd3 40. Bd2 Qxd2 41. Qg4
Qf4 42. Qe2 Qxg3+ 0-1

[Event "Titled Tue 3rd Jun Early"]
[Site "chess.com INT"]
[Date "2025.06.03"]
[Round "10"]
[White "Chelly, Yahya"]
[Black "Terkiewicz, Bruno"]
[Result "1/2-1/2"]
[WhiteTitle "CM"]
[BlackTitle "CM"]
[WhiteElo "2039"]
[BlackElo "2183"]
[WhiteFideId "5516200"]
[BlackFideId "21093245"]
[EventDate "2025.06.03"]

1. d4 Nf6 2. c4 b6 3. Nc3 Bb7 4. Nf3 e6 5. Bg5 Bb4 6. e3 h6 7. Bh4 g5 8. Bg3 Ne4
9. Rc1 h5 10. h3 Nxg3 11. fxg3 Qf6 12. Be2 g4 13. hxg4 hxg4 14. Rxh8+ Qxh8 15.
Nh4 Be7 16. Bxg4 Bxh4 17. gxh4 Qxh4+ 18. Kd2 Qf2+ 19. Qe2 Qxe2+ 20. Nxe2 Bxg2
21. d5 exd5 22. cxd5 Na6 23. Nf4 Be4 24. Rc4 f5 25. Be2 Rb8 26. Ra4 Nc5 27. Rxa7
Kd8 28. a4 Nb7 29. Kc3 c6 30. Ba6 Nc5 31. Be2 cxd5 32. b4 Ne6 33. Nxe6+ dxe6 34.
Bb5 e5 35. Kb3 f4 36. Rd7+ Kc8 37. exf4 exf4 38. Re7 f3 39. Kc3 Kd8 40. Rd7+ Kc8
41. Re7 Kd8 42. Rd7+ Kc8 43. Re7 1/2-1/2

[Event "Titled Tue 3rd Jun Early"]
[Site "chess.com INT"]
[Date "2025.06.03"]
[Round "10"]
[White "Swara Lakshmi S Nair"]
[Black "Nugumanov, Bakhtiyar"]
[Result "1-0"]
[WhiteTitle "WCM"]
[BlackTitle "IM"]
[WhiteElo "2178"]
[BlackElo "2305"]
[WhiteFideId "25629239"]
[BlackFideId "13701797"]
[EventDate "2025.06.03"]

1. e4 e6 2. d4 d5 3. Nd2 c5 4. exd5 Qxd5 5. Ngf3 cxd4 6. Bc4 Qd7 7. O-O Nc6 8.
Nb3 a6 9. Qe2 Nf6 10. a4 Qc7 11. Rd1 Bd7 12. Nbxd4 Bd6 13. Bg5 Nxd4 14. Rxd4 Bc6
15. h3 O-O-O 16. Rad1 h6 17. Bxf6 gxf6 18. Bxe6+ Kb8 19. Bd5 Rhe8 20. Qc4 Bd7
21. Qxc7+ Bxc7 22. Bxf7 Re7 23. Bh5 Kc8 24. Rxd7 Rexd7 25. Bg4 Bb6 26. Kf1 Kc7
27. Rxd7+ Rxd7 28. Bxd7 Kxd7 29. Ke2 Kd6 30. Nd2 Kc5 31. c3 f5 32. Kd3 Kd5 33.
f3 Ke5 34. Nc4+ Kf4 35. Nxb6 Kg3 36. Ke3 Kxg2 37. Kf4 h5 38. Nd5 Kxh3 39. Ne3
Kh2 40. Nxf5 h4 41. Nxh4 Kh3 42. Nf5 b5 43. axb5 a5 44. b6 a4 45. b7 a3 46. bxa3
Kh2 47. b8=Q Kh3 48. Qg8 Kh2 49. Ne3 Kh3 50. Qg3# 1-0

[Event "Titled Tue 3rd Jun Early"]
[Site "chess.com INT"]
[Date "2025.06.03"]
[Round "10"]
[White "Donchenko, Alexander"]
[Black "Rozman, Levy"]
[Result "1-0"]
[WhiteTitle "GM"]
[BlackTitle "IM"]
[WhiteElo "2615"]
[BlackElo "2324"]
[WhiteFideId "24603295"]
[BlackFideId "2039877"]
[EventDate "2025.06.03"]

1. d4 b6 2. e4 Bb7 3. Bd3 e6 4. Nc3 Bb4 5. Ne2 d5 6. O-O dxe4 7. Bxe4 Bxe4 8.
Nxe4 Nf6 9. Bg5 Be7 10. Bxf6 Bxf6 11. c3 O-O 12. Re1 Nd7 13. Nf4 Re8 14. a4 Nf8
15. a5 Ng6 16. Nh5 Be7 17. Qf3 Qd5 18. g3 bxa5 19. Nd2 Rab8 20. Qxd5 exd5 21.
Ra2 Rb6 22. Nf3 Reb8 23. Re2 Kf8 24. Ne1 a4 25. Rxa4 Rxb2 26. Rxb2 Rxb2 27. Rxa7
Bd6 28. Ra8+ Ke7 29. Nxg7 Rb3 30. Nf5+ Ke6 31. Nxd6 Kxd6 32. Rd8+ Kc6 33. Nd3
Rxc3 34. Nb4+ Kb7 35. Nxd5 Rd3 36. Nf6 c5 37. Rd7+ Kc6 38. d5+ Kb6 39. Rxf7 c4
40. Ne4 Rxd5 41. Rxh7 Ne5 42. Rh6+ Kc7 43. Rh7+ Kc6 44. Rh8 Nf3+ 45. Kg2 Ne1+
46. Kf1 Nf3 47. Rc8+ Kb5 48. Nc3+ 1-0

[Event "Titled Tue 3rd Jun Early"]
[Site "chess.com INT"]
[Date "2025.06.03"]
[Round "10"]
[White "Miserendino, Alfredo"]
[Black "Logozar, Elijah"]
[Result "1/2-1/2"]
[WhiteElo "2032"]
[BlackElo "1945"]
[WhiteFideId "101800"]
[BlackFideId "30963788"]
[EventDate "2025.06.03"]

1. e4 c5 2. Nf3 d6 3. Bb5+ Bd7 4. Bxd7+ Qxd7 5. d4 cxd4 6. Qxd4 Nc6 7. Qd3 Nf6
8. c4 g6 9. Nc3 Bg7 10. Rb1 O-O 11. b3 Rfc8 12. Bb2 a6 13. Nd5 Nxd5 14. exd5 Nb4
15. Qd2 a5 16. Bxg7 Kxg7 17. a4 e5 18. dxe6 Qxe6+ 19. Kf1 d5 20. Re1 Qa6 21. Ne5
dxc4 22. Nxc4 Rxc4 23. bxc4 Qxc4+ 24. Qe2 Qb3 25. h4 h5 26. Rh3 Qxa4 27. Rf3 Rf8
28. Qe5+ Kg8 29. Ra1 Qc2 30. Qxa5 Nd3 31. Kg1 Nc1 32. Kh2 Nb3 33. Ra2 Qd1 34.
Qa4 Qd6+ 35. g3 Nc5 36. Qa3 b6 37. Re3 Qd5 38. Rae2 Ne6 39. Qe7 Qf5 40. Rxe6
fxe6 41. Qxe6+ Qxe6 42. Rxe6 Rxf2+ 43. Kg1 Rb2 44. Rxg6+ Kf7 45. Rg5 b5 46. Rxh5
b4 47. Rb5 b3 48. g4 Ke6 49. h5 Kd6 50. g5 Kc6 51. Rb4 Kc5 52. Rb8 Kc4 53. g6
Rb1+ 54. Kg2 Rb2+ 55. Kg1 Rb1+ 56. Kg2 Rb2+ 57. Kg3 Rb1 58. Kg2 1/2-1/2

[Event "Titled Tue 3rd Jun Early"]
[Site "chess.com INT"]
[Date "2025.06.03"]
[Round "10"]
[White "Aronian, Levon"]
[Black "Nguyen, Ngoc Truong Son"]
[Result "1-0"]
[WhiteTitle "GM"]
[BlackTitle "GM"]
[WhiteElo "2747"]
[BlackElo "2632"]
[WhiteFideId "13300474"]
[BlackFideId "12401110"]
[EventDate "2025.06.03"]

1. c4 e6 2. Nf3 d5 3. e3 Nf6 4. b3 Be7 5. Be2 O-O 6. O-O c5 7. cxd5 Nxd5 8. Bb2
Bf6 9. Nc3 b6 10. Qc2 Bb7 11. Rad1 Nc6 12. Nxd5 Qxd5 13. Bxf6 gxf6 14. Qb2 Kg7
15. Ne1 Rfd8 16. f4 Ne7 17. Rf3 Ng6 18. Rg3 Rab8 19. h4 h5 20. Bf3 Qd6 21. Bxh5
Rh8 22. Bxg6 fxg6 23. Qc2 f5 24. Qc3+ Kf7 25. Nd3 Rbg8 26. Ne5+ Ke8 27. d4 Rxh4
28. Rd2 Rgh8 29. dxc5 Rh1+ 30. Kf2 Ba6 31. Nc4 Bxc4 32. Qxh8+ Rxh8 33. Rxd6 Bd5
34. cxb6 Ke7 35. Rxd5 exd5 36. Rxg6 1-0

[Event "Titled Tue 3rd Jun Early"]
[Site "chess.com INT"]
[Date "2025.06.03"]
[Round "10"]
[White "Deac, Bogdan-Daniel"]
[Black "Gadzhiev, Ruslan"]
[Result "1-0"]
[WhiteTitle "GM"]
[BlackTitle "CM"]
[WhiteElo "2668"]
[BlackElo "2169"]
[WhiteFideId "1226380"]
[BlackFideId "55671926"]
[EventDate "2025.06.03"]

1. d4 d5 2. c4 e6 3. Nf3 Nf6 4. g3 Be7 5. Bg2 O-O 6. O-O c5 7. cxd5 exd5 8. b3
Ne4 9. Bb2 Bf6 10. Nc3 Nc6 11. Na4 Re8 12. Rc1 cxd4 13. Nxd4 Bd7 14. e3 Rc8 15.
Ne2 Bxb2 16. Nxb2 Qa5 17. Nd3 Qxa2 18. Ra1 Qd2 19. Ndf4 Qxd1 20. Rfxd1 Be6 21.
Nxd5 Nc5 22. b4 Nd7 23. b5 Nce5 24. Rxa7 Nc5 25. h3 Nc4 26. Nef4 Rcd8 27. Rc1
Bxd5 28. Nxd5 1-0

[Event "Titled Tue 3rd Jun Early"]
[Site "chess.com INT"]
[Date "2025.06.03"]
[Round "10"]
[White "Shymanskyi, Oleksandr"]
[Black "Shapiro, Daniel"]
[Result "1-0"]
[WhiteTitle "FM"]
[BlackTitle "FM"]
[WhiteElo "2218"]
[BlackElo "2284"]
[WhiteFideId "14168880"]
[BlackFideId "2001780"]
[EventDate "2025.06.03"]

1. d4 Nf6 2. c4 e6 3. g3 d5 4. Bg2 Bb4+ 5. Bd2 Be7 6. Nf3 c6 7. Qc2 O-O 8. O-O
b6 9. Nc3 Bb7 10. Ne5 Nbd7 11. Bf4 Rc8 12. Rad1 c5 13. dxc5 Bxc5 14. Qa4 Nxe5
15. Bxe5 Bc6 16. Qc2 Ng4 17. Bd4 Qg5 18. Bxc5 bxc5 19. h4 Qh5 20. cxd5 exd5 21.
Nxd5 Qe5 22. Nf4 Bxg2 23. Kxg2 Rb8 24. b3 Rfc8 25. Rd5 Qe7 26. Rfd1 h6 27. Qf5
Nf6 28. Re5 Qb7+ 29. Kh2 c4 30. bxc4 Rxc4 31. Re3 Rbc8 32. Red3 h5 33. Rd8+ Ne8
34. R8d7 R8c7 35. Qxf7+ Kh7 36. Qxh5+ Kg8 37. Qxe8+ Kh7 38. Qh5+ Kg8 39. Rd8# 1-0

[Event "Titled Tue 3rd Jun Early"]
[Site "chess.com INT"]
[Date "2025.06.03"]
[Round "10"]
[White "Gulecyuz, Deniz"]
[Black "Danzer, George"]
[Result "0-1"]
[BlackTitle "CM"]
[WhiteElo "1991"]
[BlackElo "2172"]
[WhiteFideId "30921341"]
[BlackFideId "4659465"]
[EventDate "2025.06.03"]

1. e4 c5 2. Nc3 Nc6 3. f4 g6 4. Nf3 Bg7 5. g3 e6 6. Bg2 Nge7 7. O-O O-O 8. d3 a6
9. Be3 Nd4 10. Qd2 b5 11. e5 Bb7 12. Nxd4 Bxg2 13. Qxg2 cxd4 14. Bxd4 d6 15.
Rae1 Nf5 16. Bf2 d5 17. g4 Nh6 18. Qh3 Rc8 19. Bh4 Qb6+ 20. Rf2 b4 21. Na4 Qd4
22. Bg5 Rxc2 23. Rf1 Rfc8 24. Bxh6 Rxf2 25. Rxf2 Rc2 26. Qf1 Bxh6 27. g5 Bf8 28.
Kg2 Rxf2+ 29. Qxf2 Qxd3 30. Nb6 Qe4+ 31. Kg3 d4 32. Nd7 Qd3+ 0-1

[Event "Titled Tue 3rd Jun Early"]
[Site "chess.com INT"]
[Date "2025.06.03"]
[Round "10"]
[White "Chaulagain, Purusottam"]
[Black "Onur, Cigdem"]
[Result "1-0"]
[WhiteTitle "CM"]
[BlackTitle "WCM"]
[WhiteElo "1898"]
[BlackElo "1966"]
[WhiteFideId "12300730"]
[BlackFideId "6346030"]
[EventDate "2025.06.03"]

1. d4 d5 2. Nc3 c6 3. Bf4 Nf6 4. e3 g6 5. Be2 Bg7 6. h4 h5 7. Qd2 O-O 8. O-O-O
c5 9. Nf3 Bg4 10. Ne5 Bxe2 11. Qxe2 Nc6 12. f3 Qb6 13. dxc5 Qxc5 14. g4 d4 15.
Nd3 Qa5 16. Nb1 Qxa2 17. gxh5 Nxh5 18. e4 Rac8 19. Bg5 f6 20. Bd2 Ng3 21. Qh2
Nxh1 22. Rxh1 Ne5 23. Nxe5 fxe5 24. h5 Qb3 25. Bc3 Qe6 26. hxg6 Qxg6 27. Bb4 Kf7
28. Rg1 Qf6 29. Qh5+ Ke6 30. Rg6 Rh8 31. Rxf6+ Bxf6 32. Qg4+ Kf7 33. b3 Rh1+ 34.
Kb2 Rg8 35. Qd7 Rgg1 36. Qd5+ 1-0

[Event "Titled Tue 3rd Jun Early"]
[Site "chess.com INT"]
[Date "2025.06.03"]
[Round "10"]
[White "Levitan, Caleb Levi"]
[Black "Filindash, Nikita"]
[Result "1-0"]
[WhiteTitle "FM"]
[BlackTitle "CM"]
[WhiteElo "2333"]
[BlackElo "2198"]
[WhiteFideId "14332620"]
[BlackFideId "34159983"]
[EventDate "2025.06.03"]

1. e4 e5 2. Nf3 Nf6 3. d4 Nxe4 4. Bd3 d5 5. Nxe5 Nd7 6. Nc3 Nxe5 7. dxe5 Nc5 8.
O-O c6 9. f4 Nxd3 10. Qxd3 g6 11. Be3 Bf5 12. Qd2 Be7 13. Rad1 Qd7 14. Ne2 O-O-O
15. Nd4 Be4 16. Nb3 h5 17. Bxa7 h4 18. Bb6 Rdg8 19. Qa5 Qg4 20. Qa8+ Kd7 21.
Qxb7+ Ke8 22. Qb8+ Kd7 23. Qc7+ Ke8 24. Rd2 h3 25. g3 Kf8 26. Bc5 Bxc5+ 27. Nxc5
Bg2 28. e6 Kg7 29. exf7 Rf8 30. Re1 Rxf7 31. Qe5+ Kh7 32. Ne6 Kh6 33. Qxh8+ Rh7
34. Qf8+ Kh5 35. Ng7+ Rxg7 36. Qh8+ Rh7 37. Qxh7# 1-0